Science Quiz

Random Science or Math Quiz

Name That Number Sequence Quiz Stats

 Plays Quiz Updated Oct 12, 2014

Score 0/10 Timer 02:00
1 Play Today
First terms Sequence name % Correct
1, 3, 5, 7, 9, ...Odd numbers
88.9%
1, 4, 9, 16, 25, ...Square numbers
87.6%
2, 3, 5, 7, 11, 13, ...Prime numbers
81.1%
1, 1, 2, 3, 5, 8, 13, ...Fibonacci sequence
66.2%
1, 2, 4, 8, 16, ...Powers of 2
38.7%
1, 0.5, 0.333..., 0.25, 0.2, ...Harmonic sequence
31.5%
1, 2, 6, 24, 120, 720, ...Factorial numbers
26.9%
1, 3, 6, 10, 15, 21, ...Triangular numbers
22.9%
6, 28, 496, 8128, 33550336, ...Perfect numbers
17.5%
1, 1, 2, 5, 14, 42, 132, ...Catalan numbers
4%

You're not logged in!

Compare scores with friends on all Sporcle quizzes.
OR
Log In

Sporcle TV

Today on Sporcle TV


Watch our educational content, quiz creation guides, and fun videos on Sporcle TV.

Show Comments

Extras

Top Quizzes Today


Score Distribution

Your Account Isn't Verified!

In order to create a playlist on Sporcle, you need to verify the email address you used during registration. Go to your Sporcle Settings to finish the process.

Report this User

Report this user for behavior that violates our Community Guidelines.

Details: